Pravdepodobnosť a matematická štatistika

Salvato in:
Dettagli Bibliografici
Autore principale: Riečan, Beloslav
Altri autori: Lamoš, František, Lenárt, Cyril
Natura: Libro
Lingua:slovacco
Pubblicazione: Bratislava Alfa 1984
Serie:Edícia matematicko-fyzikálnej literatúry
Tags: Aggiungi Tag
Nessun Tag, puoi essere il primo ad aggiungerne!!

MARC

LEADER 00000nam a2200000 4500
001 c111077
005 20221220090816.8
041 0 |a slo 
044 |a SK 
245 1 0 |a Pravdepodobnosť a matematická štatistika  |c Beloslav Riečan, František Lamoš, Cyril Lenárt 
264 1 |a Bratislava  |b Alfa  |c 1984 
300 |a 317 s. 
490 1 |a Edícia matematicko-fyzikálnej literatúry 
830 0 |a Edícia matematicko-fyzikálnej literatúry 
100 1 |a Riečan, Beloslav 
700 1 |a Lamoš, František 
700 1 |a Lenárt, Cyril